10 Najbogatszych Polaków Rankingu „Forbesa” 2019 - Statystyki

Ogólne statystyki
  • Ten quiz został rozwiązany 224 razy
    135 od ostatniego zresetowania
  • Średni wynik to 3 z 10
Statystyki odpowiedzi
Miejsce Majątek (mld zł) Wybrane źródła majątku Imię i Nazwisko % Poprawnych
3 6,818 Chemia, infrastruktura, energetyka Dominika Kulczyk
81%
3 6,818 Chemia, infrastruktura, energetyka Sebastian Kulczyk
80%
2 10,010 Media, telekomunikacja Zygmunt Solorz
63%
1 13,331 Chemia, medycyna Michał Sołowow
35%
5 6,000 Farmacja Jerzy Starak
17%
6 5,095 Handel Tomasz Biernacki
13%
8 3,527 Gry komputerowe, technologie Paweł Marchewka
8%
9 3,481 Nieruchomości, zakłady bukmacherskie Zbigniew i Mateusz Juroszek
6%
7 3,883 Handel Dariusz Miłek
5%
10 3,137 Meble Bogdan i Elżbieta Kaczmarkowie
3%
Nie znaleziono quizów pasujących do podanych kryteriów
Rozkład punktacji
Procent ludzi z każdym wynikiem
Percentyl według liczby udzielonych odpowiedzi
Twoja historia wyników
Nie rozwiązałeś tego quizu od ostatniego zresetowania